000 00395nam a2200157Ia 4500
003 GCL
008 140319s9999 xx 000 0 eng d
040 _aGCL /
_cGCL
082 0 4 _a650
_bS B
100 1 _aSFOFFORD, LWT
245 1 0 _aBUSINESS MATHEMATICS,2ND ED /
_cSFOFFORD, LWT
260 _a[S.N] :
_bPITMAN PUBLISHING ،
_c1990
300 _a384 PP
650 0 4 _aBUSINESS
942 _2ddc
_cBK
999 _c15094
_d15094